[Event "2024 National Middle School Championship"]
[Site "Atlanta, Georgia, United States"]
[Date "2024.05.12"]
[Round "7.10"]
[White "Moorhouse, Will"]
[Black "Dash, Shravan Kumar"]
[Result "1-0"]
[TimeControl "G/90;d10"]
[WhiteElo "2162"]
[BlackElo "1911"]

1. e4 {[%clk 01:27:57]} {[%emt 00:02:12]} d5 {[%clk 01:28:22]} {[%emt
00:01:49]} 2. exd5 {[%clk 01:27:57]} {[%emt 00:00:06]} Qxd5 {[%clk 01:28:22]}
{[%emt 00:00:06]} 3. Nf3 {[%clk 01:27:57]} {[%emt 00:00:07]} Bg4 {[%clk
01:28:22]} {[%emt 00:00:10]} 4. Nc3 {[%clk 01:27:57]} {[%emt 00:00:08]} Qa5
{[%clk 01:28:02]} {[%emt 00:00:31]} 5. Bc4 {[%clk 01:26:37]} {[%emt 00:01:29]}
Nf6 {[%clk 01:27:51]} {[%emt 00:00:21]} 6. h3 {[%clk 01:25:26]} {[%emt
00:01:22]} Bh5 {[%clk 01:27:33]} {[%emt 00:00:27]} 7. d4 {[%clk 01:23:32]}
{[%emt 00:02:05]} e6 {[%clk 01:27:09]} {[%emt 00:00:34]} 8. O-O {[%clk
01:21:05]} {[%emt 00:02:37]} Bd6 {[%clk 01:26:13]} {[%emt 00:01:03]} 9. Bd2
{[%clk 01:18:43]} {[%emt 00:02:35]} c6 {[%clk 01:19:54]} {[%emt 00:06:29]} 10.
Qe2 {[%clk 01:17:11]} {[%emt 00:01:41]} O-O {[%clk 01:18:57]} {[%emt 00:01:08]}
11. Ne4 {[%clk 01:11:46]} {[%emt 00:05:35]} Qd8 {[%clk 01:18:10]} {[%emt
00:00:56]} 12. Nxf6+ {[%clk 01:11:46]} {[%emt 00:00:09]} Qxf6 {[%clk 01:18:02]}
{[%emt 00:00:19]} 13. g4 {[%clk 01:11:09]} {[%emt 00:00:47]} Qg6 {[%clk
01:15:11]} {[%emt 00:03:00]} 14. Bd3 {[%clk 01:06:09]} {[%emt 00:05:12]} f5
{[%clk 01:14:26]} {[%emt 00:00:55]} 15. Ng5 {[%clk 01:06:07]} {[%emt 00:00:11]}
Bxg4 {[%clk 01:10:30]} {[%emt 00:04:05]} 16. hxg4 {[%clk 01:06:04]} {[%emt
00:00:15]} Rf6 {[%clk 01:09:38]} {[%emt 00:01:01]} 17. Nxe6 {[%clk 00:59:35]}
{[%emt 00:06:40]} Nd7 {[%clk 01:06:22]} {[%emt 00:03:27]} 18. Nf4 {[%clk
00:47:32]} {[%emt 00:12:12]} Qh6 {[%clk 01:03:34]} {[%emt 00:02:58]} 19. Nh5
{[%clk 00:46:31]} {[%emt 00:01:10]} f4 {[%clk 00:58:45]} {[%emt 00:05:01]} 20.
Nxf6+ {[%clk 00:45:56]} {[%emt 00:00:44]} Qxf6 {[%clk 00:58:45]} {[%emt
00:00:08]} 21. f3 {[%clk 00:44:47]} {[%emt 00:01:19]} Qxd4+ {[%clk 00:58:36]}
{[%emt 00:00:19]} 22. Kg2 {[%emt 00:01:43]} 1-0

[Event "2024 National Middle School Championship"]
[Site "Atlanta, Georgia, United States"]
[Date "2024.05.12"]
[Round "7.11"]
[White "Das, Aditeya"]
[Black "Degeest, Rocco Jan"]
[Result "1/2-1/2"]
[TimeControl "G/90;d10"]
[WhiteElo "2120"]
[BlackElo "1888"]

1. e4 {[%clk 01:30:00]} {[%emt 00:00:01]} c5 {[%clk 01:30:00]} {[%emt
00:00:04]} 2. Nf3 {[%clk 01:30:00]} {[%emt 00:00:03]} d6 {[%clk 01:30:00]}
{[%emt 00:00:04]} 3. Bb5+ {[%clk 01:30:00]} {[%emt 00:00:05]} Nd7 {[%clk
01:29:53]} {[%emt 00:00:17]} 4. c3 {[%clk 01:30:00]} {[%emt 00:00:06]} e6
{[%clk 01:29:53]} {[%emt 00:00:04]} 5. O-O {[%clk 01:30:00]} {[%emt 00:00:07]}
a6 {[%clk 01:29:53]} {[%emt 00:00:05]} 6. Ba4 {[%clk 01:30:00]} {[%emt
00:00:04]} b5 {[%clk 01:29:53]} {[%emt 00:00:08]} 7. Bc2 {[%clk 01:30:00]}
{[%emt 00:00:04]} Ngf6 {[%clk 01:29:53]} {[%emt 00:00:07]} 8. d4 {[%clk
01:30:00]} {[%emt 00:00:03]} cxd4 {[%clk 01:29:53]} {[%emt 00:00:05]} 9. cxd4
{[%clk 01:30:00]} {[%emt 00:00:04]} Bb7 {[%clk 01:29:51]} {[%emt 00:00:13]} 10.
Re1 {[%clk 01:29:42]} {[%emt 00:00:27]} Be7 {[%clk 01:29:51]} {[%emt 00:00:11]}
11. a4 {[%clk 01:28:59]} {[%emt 00:00:53]} O-O {[%clk 01:29:14]} {[%emt
00:00:46]} 12. e5 {[%clk 01:25:44]} {[%emt 00:03:25]} dxe5 {[%clk 01:28:43]}
{[%emt 00:00:41]} 13. dxe5 {[%clk 01:25:40]} {[%emt 00:00:14]} Nd5 {[%clk
01:26:52]} {[%emt 00:02:01]} 14. axb5 {[%clk 01:24:57]} {[%emt 00:00:54]} axb5
{[%clk 01:26:52]} {[%emt 00:00:07]} 15. Qd3 {[%clk 01:24:45]} {[%emt 00:00:22]}
g6 {[%clk 01:26:35]} {[%emt 00:00:27]} 16. Rxa8 {[%clk 01:24:27]} {[%emt
00:00:28]} Bxa8 {[%clk 01:26:01]} {[%emt 00:00:43]} 17. Qxb5 {[%clk 01:22:53]}
{[%emt 00:01:44]} Qc7 {[%clk 01:25:56]} {[%emt 00:00:16]} 18. Be4 {[%clk
01:20:09]} {[%emt 00:02:54]} Rb8 {[%clk 01:25:12]} {[%emt 00:00:54]} 19. Qe2
{[%clk 01:19:33]} {[%emt 00:00:46]} Bb4 {[%clk 01:22:47]} {[%emt 00:02:36]} 20.
Rd1 {[%clk 01:14:14]} {[%emt 00:05:28]} Bc6 {[%clk 01:19:20]} {[%emt 00:03:37]}
21. Nd4 {[%clk 01:07:08]} {[%emt 00:07:16]} Ba4 {[%clk 01:14:45]} {[%emt
00:04:45]} 22. b3 {[%clk 01:06:51]} {[%emt 00:00:27]} Bc5 {[%clk 01:14:24]}
{[%emt 00:00:31]} 23. Bxd5 {[%clk 01:04:20]} {[%emt 00:02:41]} Bxd4 {[%clk
01:13:38]} {[%emt 00:00:55]} 24. Bf4 {[%clk 00:52:29]} {[%emt 00:12:01]} Bxb3
{[%clk 01:11:51]} {[%emt 00:01:58]} 25. Rc1 {[%clk 00:46:37]} {[%emt 00:06:01]}
Qb6 {[%clk 01:06:30]} {[%emt 00:05:32]} 26. Bxb3 {[%clk 00:45:22]} {[%emt
00:01:26]} Qxb3 {[%clk 01:06:30]} {[%emt 00:00:09]} 27. h3 {[%clk 00:44:37]}
{[%emt 00:00:54]} Qb2 {[%clk 01:05:00]} {[%emt 00:01:40]} 28. Qxb2 {[%clk
00:38:43]} {[%emt 00:06:04]} Rxb2 {[%clk 01:05:00]} {[%emt 00:00:10]} 29. Nd2
{[%clk 00:38:39]} {[%emt 00:00:14]} Bxe5 {[%clk 01:04:07]} {[%emt 00:01:03]} 30.
Bxe5 {[%clk 00:37:15]} {[%emt 00:01:33]} Nxe5 {[%clk 01:04:07]} {[%emt
00:00:07]} 31. Nc4 {[%clk 00:37:15]} {[%emt 00:00:03]} Nxc4 {[%clk 01:03:12]}
{[%emt 00:01:05]} 32. Rxc4 {[%clk 00:37:15]} {[%emt 00:00:03]} Kg7 {[%clk
01:03:10]} {[%emt 00:00:12]} 33. h4 {[%clk 00:36:39]} {[%emt 00:00:46]} h5
{[%clk 01:02:09]} {[%emt 00:01:11]} 34. g3 {[%clk 00:35:56]} {[%emt 00:00:53]}
Kf6 {[%clk 01:00:50]} {[%emt 00:01:28]} 35. Rc7 {[%clk 00:35:39]} {[%emt
00:00:27]} e5 {[%clk 01:00:08]} {[%emt 00:00:52]} 36. Ra7 {[%clk 00:35:05]}
{[%emt 00:00:44]} Ke6 {[%clk 00:59:51]} {[%emt 00:00:28]} 37. Rc7 {[%clk
00:35:03]} {[%emt 00:00:12]} f6 {[%clk 00:59:51]} {[%emt 00:00:10]} 38. Rc6+
{[%clk 00:34:35]} {[%emt 00:00:38]} Kf5 {[%clk 00:59:46]} {[%emt 00:00:15]} 39.
Ra6 {[%clk 00:34:30]} {[%emt 00:00:15]} g5 {[%clk 00:58:56]} {[%emt 00:01:00]}
40. hxg5 {[%clk 00:34:13]} {[%emt 00:00:27]} Kxg5 {[%clk 00:58:46]} {[%emt
00:00:19]} 41. Ra4 {[%clk 00:33:58]} {[%emt 00:00:26]} f5 {[%clk 00:58:41]}
{[%emt 00:00:15]} 42. Ra8 {[%clk 00:33:45]} {[%emt 00:00:22]} Kg4 {[%clk
00:58:18]} {[%emt 00:00:33]} 43. Kg2 {[%clk 00:33:35]} {[%emt 00:00:20]} f4
{[%clk 00:57:02]} {[%emt 00:01:26]} 44. Rg8+ {[%clk 00:33:35]} {[%emt
00:00:03]} Kf5 {[%clk 00:57:02]} {[%emt 00:00:07]} 45. Rf8+ {[%clk 00:33:27]}
{[%emt 00:00:18]} Ke4 {[%clk 00:56:50]} {[%emt 00:00:23]} 1/2-1/2

[Event "2024 National Middle School Championship"]
[Site "Atlanta, Georgia, United States"]
[Date "2024.05.12"]
[Round "7.12"]
[White "Casares, Santiago De Jesus"]
[Black "Moina, Lucas"]
[Result "1-0"]
[TimeControl "G/90;d10"]
[WhiteElo "2114"]
[BlackElo "1863"]

1. e4 {[%clk 01:30:00]} {[%emt 00:00:02]} c6 {[%clk 01:30:00]} {[%emt
00:00:09]} 2. d4 {[%clk 01:30:00]} {[%emt 00:00:04]} d5 {[%clk 01:30:00]}
{[%emt 00:00:03]} 3. e5 {[%clk 01:30:00]} {[%emt 00:00:04]} Bf5 {[%clk
01:30:00]} {[%emt 00:00:04]} 4. Bd3 {[%clk 01:30:00]} {[%emt 00:00:04]} Bxd3
{[%clk 01:29:55]} {[%emt 00:00:16]} 5. Qxd3 {[%clk 01:30:00]} {[%emt 00:00:05]}
e6 {[%clk 01:29:55]} {[%emt 00:00:05]} 6. c3 {[%clk 01:30:00]} {[%emt
00:00:07]} Qb6 {[%clk 01:29:29]} {[%emt 00:00:37]} 7. Ne2 {[%clk 01:30:00]}
{[%emt 00:00:07]} c5 {[%clk 01:29:24]} {[%emt 00:00:15]} 8. O-O {[%clk
01:29:41]} {[%emt 00:00:30]} Nc6 {[%clk 01:29:14]} {[%emt 00:00:20]} 9. Nd2
{[%clk 01:26:46]} {[%emt 00:03:05]} Nge7 {[%clk 01:25:30]} {[%emt 00:03:53]} 10.
Nf3 {[%clk 01:22:25]} {[%emt 00:04:31]} Ng6 {[%clk 01:22:51]} {[%emt 00:02:50]}
11. h4 {[%clk 01:17:30]} {[%emt 00:05:04]} h5 {[%clk 01:20:03]} {[%emt
00:02:59]} 12. g3 {[%clk 01:16:42]} {[%emt 00:00:59]} cxd4 {[%clk 01:08:48]}
{[%emt 00:11:25]} 13. cxd4 {[%clk 01:15:38]} {[%emt 00:01:14]} Rc8 {[%clk
01:08:18]} {[%emt 00:00:40]} 14. Ng5 {[%clk 01:13:35]} {[%emt 00:02:13]} Nce7
{[%clk 00:57:22]} {[%emt 00:11:06]} 15. Bd2 {[%clk 01:10:52]} {[%emt 00:02:53]}
Nf5 {[%clk 00:54:05]} {[%emt 00:03:27]} 16. Rac1 {[%clk 01:10:52]} {[%emt
00:00:09]} Rd8 {[%clk 00:52:17]} {[%emt 00:01:59]} 17. a4 {[%clk 01:08:58]}
{[%emt 00:02:03]} Bb4 {[%clk 00:43:00]} {[%emt 00:09:26]} 18. Bxb4 {[%clk
01:05:39]} {[%emt 00:03:30]} Qxb4 {[%clk 00:42:54]} {[%emt 00:00:17]} 19. Rc7
{[%clk 01:05:30]} {[%emt 00:00:18]} O-O {[%clk 00:42:27]} {[%emt 00:00:38]} 20.
Qf3 {[%clk 01:05:10]} {[%emt 00:00:28]} Nh6 {[%clk 00:34:15]} {[%emt 00:08:23]}
21. Qxh5 {[%clk 01:04:36]} {[%emt 00:00:43]} Rc8 {[%clk 00:29:13]} {[%emt
00:05:13]} 22. Rxf7 {[%clk 00:49:44]} {[%emt 00:15:02]} Rxf7 {[%clk 00:28:29]}
{[%emt 00:00:54]} 23. Qxg6 {[%clk 00:49:44]} {[%emt 00:00:02]} Re7 {[%clk
00:26:27]} {[%emt 00:02:11]} 24. Nf4 {[%clk 00:48:41]} {[%emt 00:01:13]} 1-0

[Event "2024 National Middle School Championship"]
[Site "Atlanta, Georgia, United States"]
[Date "2024.05.12"]
[Round "7.13"]
[White "Meng, Joshua"]
[Black "Baim, Emin"]
[Result "1-0"]
[TimeControl "G/90;d10"]
[WhiteElo "2091"]
[BlackElo "1771"]

1. e4 {[%clk 01:30:00]} e5 {[%clk 01:29:58]} {[%emt 00:00:13]} 2. Nf3 {[%clk
01:30:00]} {[%emt 00:00:02]} Nc6 {[%clk 01:29:57]} {[%emt 00:00:11]} 3. Bc4
{[%clk 01:30:00]} {[%emt 00:00:03]} Bc5 {[%clk 01:29:57]} {[%emt 00:00:10]} 4.
c3 {[%clk 01:30:00]} {[%emt 00:00:03]} Nf6 {[%clk 01:29:57]} {[%emt 00:00:07]}
5. d3 {[%clk 01:30:00]} {[%emt 00:00:02]} h6 {[%clk 01:29:56]} {[%emt
00:00:09]} 6. O-O {[%clk 01:30:00]} {[%emt 00:00:04]} O-O {[%clk 01:29:56]}
{[%emt 00:00:07]} 7. Re1 {[%clk 01:30:00]} {[%emt 00:00:04]} d6 {[%clk
01:29:56]} {[%emt 00:00:04]} 8. h3 {[%clk 01:30:00]} {[%emt 00:00:02]} Re8
{[%clk 01:29:31]} {[%emt 00:00:35]} 9. Bb3 {[%clk 01:30:00]} {[%emt 00:00:03]}
Bb6 {[%clk 01:28:20]} {[%emt 00:01:22]} 10. Nbd2 {[%clk 01:30:00]} {[%emt
00:00:05]} Be6 {[%clk 01:28:17]} {[%emt 00:00:13]} 11. Ba4 {[%clk 01:29:53]}
{[%emt 00:00:18]} Bd7 {[%clk 01:26:28]} {[%emt 00:01:59]} 12. Nf1 {[%clk
01:29:51]} {[%emt 00:00:11]} Ne7 {[%clk 01:25:22]} {[%emt 00:01:16]} 13. Bc2
{[%clk 01:29:51]} {[%emt 00:00:03]} Ng6 {[%clk 01:25:14]} {[%emt 00:00:17]} 14.
d4 {[%clk 01:29:42]} {[%emt 00:00:21]} c6 {[%clk 01:22:25]} {[%emt 00:02:57]}
15. Ng3 {[%clk 01:29:38]} {[%emt 00:00:14]} Qc7 {[%clk 01:21:52]} {[%emt
00:00:44]} 16. Be3 {[%clk 01:29:38]} {[%emt 00:00:04]} Rad8 {[%clk 01:21:34]}
{[%emt 00:00:29]} 17. Qd2 {[%clk 01:28:41]} {[%emt 00:01:07]} c5 {[%clk
01:20:38]} {[%emt 00:01:06]} 18. Rac1 {[%clk 01:28:41]} {[%emt 00:00:09]} Bc6
{[%clk 01:19:43]} {[%emt 00:01:05]} 19. d5 {[%clk 01:27:22]} {[%emt 00:01:29]}
Bd7 {[%clk 01:19:20]} {[%emt 00:00:29]} 20. Bxh6 {[%clk 01:24:50]} {[%emt
00:02:46]} gxh6 {[%clk 00:54:54]} {[%emt 00:24:34]} 21. Qxh6 {[%clk 01:24:50]}
{[%emt 00:00:09]} Bxh3 {[%clk 00:41:53]} {[%emt 00:13:10]} 22. Qxh3 {[%clk
01:22:31]} {[%emt 00:02:31]} Qe7 {[%clk 00:41:12]} {[%emt 00:00:49]} 23. Nf5
{[%clk 01:21:40]} {[%emt 00:01:03]} Qf8 {[%clk 00:40:44]} {[%emt 00:00:34]} 24.
Ba4 {[%clk 01:20:51]} {[%emt 00:01:02]} Re7 {[%clk 00:37:51]} {[%emt 00:03:03]}
25. Nxe7+ {[%clk 01:20:43]} {[%emt 00:00:18]} Qxe7 {[%clk 00:37:51]} {[%emt
00:00:02]} 26. Nh4 {[%clk 01:20:43]} {[%emt 00:00:11]} Nxh4 {[%clk 00:30:29]}
{[%emt 00:07:32]} 27. Qxh4 {[%emt 00:00:15]} 1-0

[Event "2024 National Middle School Championship"]
[Site "Atlanta, Georgia, United States"]
[Date "2024.05.12"]
[Round "7.14"]
[White "He, Justin Shandong"]
[Black "Patel, Maahir"]
[Result "0-1"]
[TimeControl "G/90;d10"]
[WhiteElo "1877"]
[BlackElo "2071"]

1. e4 {[%clk 01:30:00]} c5 {[%clk 01:30:00]} {[%emt 00:00:08]} 2. Nf3 {[%clk
01:30:00]} {[%emt 00:00:04]} d6 {[%clk 01:30:00]} {[%emt 00:00:06]} 3. Bb5+
{[%clk 01:30:00]} {[%emt 00:00:06]} Nd7 {[%clk 01:30:00]} {[%emt 00:00:07]} 4.
O-O {[%clk 01:29:58]} {[%emt 00:00:12]} a6 {[%clk 01:30:00]} {[%emt 00:00:06]}
5. Bd3 {[%clk 01:29:58]} {[%emt 00:00:06]} Ngf6 {[%clk 01:30:00]} {[%emt
00:00:05]} 6. c3 {[%clk 01:29:16]} {[%emt 00:00:52]} Ne5 {[%clk 01:29:52]}
{[%emt 00:00:18]} 7. Nxe5 {[%clk 01:28:30]} {[%emt 00:00:56]} dxe5 {[%clk
01:29:52]} {[%emt 00:00:06]} 8. Bc2 {[%clk 01:27:36]} {[%emt 00:01:04]} g6
{[%clk 01:29:52]} {[%emt 00:00:09]} 9. h3 {[%clk 01:27:05]} {[%emt 00:00:41]}
Bg7 {[%clk 01:29:52]} {[%emt 00:00:07]} 10. d3 {[%clk 01:26:25]} {[%emt
00:00:49]} O-O {[%clk 01:29:05]} {[%emt 00:00:56]} 11. Be3 {[%clk 01:24:28]}
{[%emt 00:02:09]} Qc7 {[%clk 01:28:41]} {[%emt 00:00:34]} 12. Nd2 {[%clk
01:20:15]} {[%emt 00:04:23]} Rd8 {[%clk 01:28:30]} {[%emt 00:00:21]} 13. Qe2
{[%clk 01:18:33]} {[%emt 00:01:52]} Nh5 {[%clk 01:26:59]} {[%emt 00:01:41]} 14.
Nb3 {[%clk 01:14:18]} {[%emt 00:04:25]} b6 {[%clk 01:26:51]} {[%emt 00:00:18]}
15. Rfd1 {[%clk 01:10:24]} {[%emt 00:04:04]} a5 {[%clk 01:25:22]} {[%emt
00:01:38]} 16. a4 {[%clk 01:09:31]} {[%emt 00:01:03]} Ba6 {[%clk 01:25:09]}
{[%emt 00:00:23]} 17. Rac1 {[%clk 01:03:31]} {[%emt 00:06:11]} Rd7 {[%clk
01:21:42]} {[%emt 00:03:37]} 18. Rd2 {[%clk 01:00:13]} {[%emt 00:03:28]} Nf4
{[%clk 01:19:57]} {[%emt 00:01:55]} 19. Bxf4 {[%clk 00:59:10]} {[%emt
00:01:12]} exf4 {[%clk 01:19:57]} {[%emt 00:00:07]} 20. Rcd1 {[%clk 00:57:26]}
{[%emt 00:01:54]} Rad8 {[%clk 01:18:14]} {[%emt 00:01:51]} 21. Qf3 {[%clk
00:56:27]} {[%emt 00:01:11]} e5 {[%clk 01:17:43]} {[%emt 00:00:41]} 22. c4
{[%clk 00:55:48]} {[%emt 00:00:50]} Rd6 {[%clk 01:15:49]} {[%emt 00:02:02]} 23.
Qe2 {[%clk 00:50:05]} {[%emt 00:05:54]} Bc8 {[%clk 01:13:56]} {[%emt 00:02:03]}
24. Nc1 {[%clk 00:48:24]} {[%emt 00:01:52]} g5 {[%clk 01:11:39]} {[%emt
00:02:27]} 25. f3 {[%clk 00:46:21]} {[%emt 00:02:12]} h5 {[%clk 01:11:36]}
{[%emt 00:00:13]} 26. Na2 {[%clk 00:45:35]} {[%emt 00:00:56]} Rg6 {[%clk
01:10:36]} {[%emt 00:01:09]} 27. Kh1 {[%clk 00:39:12]} {[%emt 00:06:34]} g4
{[%clk 01:05:46]} {[%emt 00:05:00]} 28. Qf1 {[%clk 00:38:28]} {[%emt 00:00:53]}
Qe7 {[%clk 00:56:07]} {[%emt 00:09:48]} 29. Nc3 {[%clk 00:29:29]} {[%emt
00:09:10]} Rdd6 {[%clk 00:52:47]} {[%emt 00:03:30]} 30. Nd5 {[%clk 00:26:50]}
{[%emt 00:02:48]} Qd8 {[%clk 00:52:03]} {[%emt 00:00:55]} 31. Re1 {[%clk
00:22:37]} {[%emt 00:04:24]} gxh3 {[%clk 00:50:34]} {[%emt 00:01:39]} 32. gxh3
{[%clk 00:22:28]} {[%emt 00:00:18]} Rg3 {[%clk 00:49:58]} {[%emt 00:00:46]} 33.
Rh2 {[%clk 00:22:08]} {[%emt 00:00:31]} Qh4 {[%clk 00:48:46]} {[%emt 00:01:20]}
34. Rd1 {[%clk 00:16:08]} {[%emt 00:06:11]} Kf8 {[%clk 00:47:45]} {[%emt
00:01:09]} 35. Qf2 {[%clk 00:14:33]} {[%emt 00:01:47]} Qd8 {[%clk 00:41:56]}
{[%emt 00:05:58]} 36. Qf1 {[%clk 00:12:13]} {[%emt 00:02:31]} Kg8 {[%clk
00:41:07]} {[%emt 00:00:59]} 37. Rdd2 {[%clk 00:10:47]} {[%emt 00:01:36]} Rdg6
{[%clk 00:40:43]} {[%emt 00:00:33]} 38. Rdf2 {[%clk 00:08:39]} {[%emt
00:02:18]} Qg5 {[%clk 00:37:53]} {[%emt 00:02:58]} 39. Rfg2 {[%clk 00:08:29]}
{[%emt 00:00:23]} Bxh3 {[%clk 00:35:48]} {[%emt 00:02:16]} 40. Rxg3 {[%clk
00:04:11]} {[%emt 00:04:28]} fxg3 {[%clk 00:35:35]} {[%emt 00:00:23]} 41. Rg2
{[%clk 00:03:10]} {[%emt 00:01:10]} Bxg2+ {[%clk 00:34:41]} {[%emt 00:01:04]}
42. Qxg2 {[%clk 00:01:57]} {[%emt 00:01:23]} Qc1+ {[%emt 00:01:18]} 0-1

[Event "2024 National Middle School Championship"]
[Site "Atlanta, Georgia, United States"]
[Date "2024.05.12"]
[Round "7.15"]
[White "Ganesan, Vidhun"]
[Black "Karabulut, Onur"]
[Result "1-0"]
[TimeControl "G/90;d10"]
[WhiteElo "1491"]
[BlackElo "1661"]

1. d4 {[%clk 01:30:00]} {[%emt 00:00:02]} d5 {[%clk 01:30:00]} {[%emt
00:00:06]} 2. c4 {[%clk 01:30:00]} {[%emt 00:00:03]} e6 {[%clk 01:30:00]}
{[%emt 00:00:04]} 3. Nf3 {[%clk 01:30:00]} {[%emt 00:00:10]} Nf6 {[%clk
01:29:40]} {[%emt 00:00:31]} 4. Nc3 {[%clk 01:30:00]} {[%emt 00:00:06]} Nc6
{[%clk 01:29:40]} {[%emt 00:00:03]} 5. Bg5 {[%clk 01:29:11]} {[%emt 00:00:59]}
Bb4 {[%clk 01:29:14]} {[%emt 00:00:36]} 6. Qc2 {[%clk 01:28:20]} {[%emt
00:01:01]} h6 {[%clk 01:28:37]} {[%emt 00:00:47]} 7. Bxf6 {[%clk 01:28:08]}
{[%emt 00:00:22]} Qxf6 {[%clk 01:28:36]} {[%emt 00:00:11]} 8. e3 {[%clk
01:28:08]} {[%emt 00:00:06]} a6 {[%emt 00:01:09]} 9. O-O-O {[%clk 01:27:51]}
{[%emt 00:00:26]} Bxc3 {[%clk 01:27:38]} {[%emt 00:00:11]} 10. Qxc3 {[%clk
01:27:51]} {[%emt 00:00:10]} O-O {[%clk 01:26:51]} {[%emt 00:00:57]} 11. Be2
{[%clk 01:27:02]} {[%emt 00:00:59]} a5 {[%emt 00:01:01]} 12. c5 {[%clk
01:26:09]} {[%emt 00:00:25]} Nb4 {[%clk 01:25:47]} {[%emt 00:01:02]} 13. Qb3
{[%clk 01:25:06]} {[%emt 00:01:13]} Nc6 {[%clk 01:24:43]} {[%emt 00:01:15]} 14.
g4 {[%clk 01:19:48]} {[%emt 00:05:27]} a4 {[%clk 01:24:36]} {[%emt 00:00:18]}
15. Qc3 {[%clk 01:19:02]} {[%emt 00:00:56]} Re8 {[%clk 01:23:49]} {[%emt
00:00:57]} 16. h4 {[%clk 01:17:47]} {[%emt 00:01:25]} e5 {[%clk 01:21:04]}
{[%emt 00:02:55]} 17. g5 {[%clk 01:17:25]} {[%emt 00:00:31]} Qe6 {[%clk
01:19:59]} {[%emt 00:01:16]} 18. dxe5 {[%clk 01:14:31]} {[%emt 00:03:04]} Nxe5
{[%clk 01:19:45]} {[%emt 00:00:24]} 19. Nd4 {[%emt 00:00:32]} Qg6 {[%clk
01:18:12]} {[%emt 00:01:42]} 20. f4 {[%clk 01:14:04]} {[%emt 00:00:16]} Nc6
{[%clk 01:16:19]} {[%emt 00:02:03]} 21. Bd3 {[%clk 01:10:01]} {[%emt 00:04:12]}
Nxd4 {[%clk 01:15:00]} {[%emt 00:01:30]} 22. Qxd4 {[%clk 01:09:43]} {[%emt
00:00:27]} Bf5 {[%clk 01:14:46]} {[%emt 00:00:24]} 23. h5 {[%clk 01:09:37]}
{[%emt 00:00:16]} Qh7 {[%clk 01:12:24]} {[%emt 00:02:33]} 24. Bxf5 {[%clk
01:07:58]} {[%emt 00:01:49]} Qxf5 {[%clk 01:12:24]} {[%emt 00:00:10]} 25. gxh6
{[%clk 01:07:49]} {[%emt 00:00:18]} gxh6 {[%clk 01:10:45]} {[%emt 00:01:49]} 26.
Rhg1+ {[%clk 01:06:39]} {[%emt 00:01:19]} Kf8 {[%clk 01:10:40]} {[%emt
00:00:17]} 27. Qg7+ {[%clk 01:05:32]} {[%emt 00:01:16]} Ke7 {[%clk 01:10:38]}
{[%emt 00:00:13]} 28. Qxh6 {[%clk 01:05:28]} {[%emt 00:00:13]} Ra5 {[%clk
01:08:04]} {[%emt 00:02:44]} 29. Qg5+ {[%clk 01:05:05]} {[%emt 00:00:32]} Qxg5
{[%clk 01:07:58]} {[%emt 00:00:16]} 30. Rxg5 {[%clk 01:05:05]} {[%emt
00:00:03]} Rxc5+ {[%clk 01:07:58]} {[%emt 00:00:11]} 31. Kb1 {[%clk 01:05:05]}
{[%emt 00:00:08]} c6 {[%clk 01:07:15]} {[%emt 00:00:52]} 32. Re5+ {[%clk
01:04:25]} {[%emt 00:00:50]} 1-0

[Event "2024 National Middle School Championship"]
[Site "Atlanta, Georgia, United States"]
[Date "2024.05.12"]
[Round "7.16"]
[White "Prabhu, Tanya Gurpur Madke"]
[Black "Raghuraman, Advaith"]
[Result "1/2-1/2"]
[TimeControl "G/90;d10"]
[WhiteElo "1656"]
[BlackElo "1567"]

1. e4 {[%clk 01:30:00]} {[%emt 00:00:04]} c6 {[%clk 01:29:45]} {[%emt
00:00:26]} 2. d4 {[%clk 01:30:00]} {[%emt 00:00:05]} d5 {[%clk 01:29:44]}
{[%emt 00:00:10]} 3. exd5 {[%clk 01:29:52]} {[%emt 00:00:19]} cxd5 {[%clk
01:29:44]} {[%emt 00:00:08]} 4. Bd3 {[%clk 01:29:39]} {[%emt 00:00:23]} e6
{[%clk 01:27:01]} {[%emt 00:02:51]} 5. Nf3 {[%clk 01:29:13]} {[%emt 00:00:38]}
Bd6 {[%clk 01:26:26]} {[%emt 00:00:45]} 6. c3 {[%clk 01:28:54]} {[%emt
00:00:29]} Nc6 {[%clk 01:25:53]} {[%emt 00:00:43]} 7. Qc2 {[%clk 01:28:16]}
{[%emt 00:00:48]} Nge7 {[%clk 01:20:51]} {[%emt 00:05:12]} 8. Be3 {[%clk
01:20:32]} {[%emt 00:07:53]} Bd7 {[%clk 01:17:11]} {[%emt 00:03:51]} 9. Nbd2
{[%clk 01:13:40]} {[%emt 00:07:01]} Qc7 {[%clk 01:11:36]} {[%emt 00:05:45]} 10.
O-O {[%clk 01:08:43]} {[%emt 00:05:06]} f5 {[%clk 01:05:58]} {[%emt 00:05:48]}
11. Bg5 {[%clk 01:06:39]} {[%emt 00:02:16]} h6 {[%clk 01:03:55]} {[%emt
00:02:13]} 12. Bxe7 {[%clk 01:06:04]} {[%emt 00:00:44]} Bxe7 {[%emt 00:06:36]}
13. Bb5 {[%clk 01:01:35]} {[%emt 00:04:30]} Bd6 {[%clk 00:52:21]} {[%emt
00:05:28]} 14. Rfe1 {[%clk 00:56:39]} {[%emt 00:05:05]} O-O {[%clk 00:50:09]}
{[%emt 00:02:23]} 15. Bxc6 {[%clk 00:56:33]} {[%emt 00:00:16]} Qxc6 {[%clk
00:45:22]} {[%emt 00:04:57]} 16. Ne5 {[%clk 00:55:51]} {[%emt 00:00:52]} Qc7
{[%clk 00:43:07]} {[%emt 00:02:24]} 17. Nxd7 {[%clk 00:54:02]} {[%emt
00:02:00]} Qxd7 {[%clk 00:43:01]} {[%emt 00:00:16]} 18. Nf3 {[%clk 00:53:50]}
{[%emt 00:00:22]} Rf6 {[%clk 00:38:49]} {[%emt 00:04:21]} 19. Ne5 {[%clk
00:52:38]} {[%emt 00:01:22]} Bxe5 {[%clk 00:38:02]} {[%emt 00:00:57]} 20. Rxe5
{[%clk 00:49:39]} {[%emt 00:03:10]} Rc8 {[%clk 00:36:31]} {[%emt 00:01:41]} 21.
Rae1 {[%clk 00:47:12]} {[%emt 00:02:36]} b5 {[%clk 00:34:56]} {[%emt 00:01:45]}
1/2-1/2